| 000 | 01051nam a2200253Ia 4500 | ||
|---|---|---|---|
| 003 | IN-BaIIA | ||
| 008 | 211028s9999 xx s 000 0 eng d | ||
| 020 | _a978-0-521-87470-0 (Print) | ||
| 022 | _a1743-9213 (Print) | ||
| 022 | _a1743-9221 (Online) | ||
| 040 | _cIIA Library | ||
| 100 |
_aJin, Wenjing., ed. _932272 |
||
| 245 | 2 |
_aA giant step: from milli- to micro- arcsecond astrometry _h[eBook] |
|
| 260 |
_aCambridge _bCambridge University Press _c2008 |
||
| 300 | _aOnline resource | ||
| 490 | _aIAU Symposium; no. 248 | ||
| 650 |
_a Optical astronomy-Congresses _932270 |
||
| 650 |
_a Space astrometry-Congresses _932271 |
||
| 650 |
_aHipparcos catalogue-Congresses _932269 |
||
| 700 |
_aPerryman, Michael A.C., ed. _932273 |
||
| 700 |
_aPlatais, Imants _940550 |
||
| 856 |
_uhttps://www.cambridge.org/core/journals/proceedings-of-the-international-astronomical-union/issue/2E1B91869F34EEDEB2E825807655D332 _yClick Here to Access eBook |
||
| 942 | _cEB | ||
| 999 |
_c21958 _d21958 |
||